Rough Sets, Fuzzy Sets, Data Mining, and Granular Computing 15th International Conference, RSFDGrC 2015, Tianjin, China, November 20-23, 2015, Proceedings /

This book constitutes the refereed conference proceedings of the 15th International Conference on Rough Sets, Fuzzy Sets, Data Mining and Granular Computing, RSFDGrC 2015, held in Tianjin, China in November 2015 as one of the co-located conference of the 2015 Joint Rough Set Symposium, JRS 2015. The...

Full description

Bibliographic Details
Corporate Author: SpringerLink (Online service)
Other Authors: Yao, Yiyu (Editor), Hu, Qinghua (Editor), Yu, Hong (Editor), Grzymala-Busse, Jerzy W. (Editor)
Format: Electronic eBook
Language:English
Published: Cham : Springer International Publishing : Imprint: Springer, 2015.
Edition:1st ed. 2015.
Series:Lecture Notes in Computer Science, 9437
Subjects:
Online Access:Full Text via HEAL-Link
LEADER 02880nam a22006135i 4500
001 978-3-319-25783-9
003 DE-He213
005 20151218121842.0
007 cr nn 008mamaa
008 151121s2015 gw | s |||| 0|eng d
020 |a 9783319257839  |9 978-3-319-25783-9 
024 7 |a 10.1007/978-3-319-25783-9  |2 doi 
040 |d GrThAP 
050 4 |a Q334-342 
050 4 |a TJ210.2-211.495 
072 7 |a UYQ  |2 bicssc 
072 7 |a TJFM1  |2 bicssc 
072 7 |a COM004000  |2 bisacsh 
082 0 4 |a 006.3  |2 23 
245 1 0 |a Rough Sets, Fuzzy Sets, Data Mining, and Granular Computing  |h [electronic resource] :  |b 15th International Conference, RSFDGrC 2015, Tianjin, China, November 20-23, 2015, Proceedings /  |c edited by Yiyu Yao, Qinghua Hu, Hong Yu, Jerzy W. Grzymala-Busse. 
250 |a 1st ed. 2015. 
264 1 |a Cham :  |b Springer International Publishing :  |b Imprint: Springer,  |c 2015. 
300 |a XVI, 502 p. 84 illus. in color.  |b online resource. 
336 |a text  |b txt  |2 rdacontent 
337 |a computer  |b c  |2 rdamedia 
338 |a online resource  |b cr  |2 rdacarrier 
347 |a text file  |b PDF  |2 rda 
490 1 |a Lecture Notes in Computer Science,  |x 0302-9743 ;  |v 9437 
520 |a This book constitutes the refereed conference proceedings of the 15th International Conference on Rough Sets, Fuzzy Sets, Data Mining and Granular Computing, RSFDGrC 2015, held in Tianjin, China in November 2015 as one of the co-located conference of the 2015 Joint Rough Set Symposium, JRS 2015. The 44 papers were carefully reviewed and selected from 97 submissions. The papers in this volume cover topics such as rough sets: the experts speak; generalized rough sets; rough sets and graphs; rough and fuzzy hybridization; granular computing; data mining and machine learning; three-way decisions; IJCRS 2015 data challenge. 
650 0 |a Computer science. 
650 0 |a Numerical analysis. 
650 0 |a Database management. 
650 0 |a Data mining. 
650 0 |a Artificial intelligence. 
650 0 |a Pattern recognition. 
650 1 4 |a Computer Science. 
650 2 4 |a Artificial Intelligence (incl. Robotics). 
650 2 4 |a Information Systems Applications (incl. Internet). 
650 2 4 |a Database Management. 
650 2 4 |a Numeric Computing. 
650 2 4 |a Data Mining and Knowledge Discovery. 
650 2 4 |a Pattern Recognition. 
700 1 |a Yao, Yiyu.  |e editor. 
700 1 |a Hu, Qinghua.  |e editor. 
700 1 |a Yu, Hong.  |e editor. 
700 1 |a Grzymala-Busse, Jerzy W.  |e editor. 
710 2 |a SpringerLink (Online service) 
773 0 |t Springer eBooks 
776 0 8 |i Printed edition:  |z 9783319257822 
830 0 |a Lecture Notes in Computer Science,  |x 0302-9743 ;  |v 9437 
856 4 0 |u http://dx.doi.org/10.1007/978-3-319-25783-9  |z Full Text via HEAL-Link 
912 |a ZDB-2-SCS 
912 |a ZDB-2-LNC 
950 |a Computer Science (Springer-11645)